Music Quiz

Random Music or Clickable Quiz
Score 0/25 Timer 06:00
2 Plays Today
% Correct
The Beach Boys
78.1%
The Foundations
63.1%
Foreigner
62.1%
Mumford & Sons
59.6%
Tom Petty and the Heartbreakers
52%
Meat Loaf
49.7%
Electric Light Orchestra
48.9%
Foo Fighters
48.8%
Simon & Garfunkel
47.6%
Jennifer Lopez
47.5%
Paula Cole
46.6%
Gwen Stefani
46.3%
Cat Stevens
40.6%
% Correct
Coldplay
40.3%
Billy Joel
38.2%
The Kinks
36.2%
Bob Dylan
36%
Stone Temple Pilots
34.6%
The Band
31.6%
Led Zeppelin
30.6%
Pink Floyd
29.7%
The Smiths
26%
The Velvet Underground
24.1%
White Lion
19.5%
Vanity Fare
17.4%
Remove Ads.
Support Sporcle.
Get the best of Sporcle when you Go Orange. This ad-free experience offers more features, more stats, and more fun while also helping to support Sporcle. Thank you for becoming a member.

You're not logged in!

Compare scores with friends on all Sporcle quizzes.
OR
Log In

Show Comments

Extras

Top Quizzes Today


Score Distribution

Your Account Isn't Verified!

In order to create a playlist on Sporcle, you need to verify the email address you used during registration. Go to your Sporcle Settings to finish the process.

Report this User

Report this user for behavior that violates our Community Guidelines.

Details: